000
00298nam a22001337a 4500
008
171204b xxu||||| |||| 00| 0 eng d
020
_a
9789700733838
041
_a
eng
080
_a
94
100
_a
17
101
_a
HIS
245
_a
HISTORIA ANTIGUA DE MEXICO
_c
CLAVIJERO,F.J
942
_2
udc
_c
BK
999
_c
38778
_d
38778